Mnohí zákazníci nepotrebujú najlacnejšie telefonovanie, ale kvalitné spojenie, vraví generálny riaditeľ EuroTelu Bratislava

Konkurenčné spoločnosti EuroTel a Globtel GSM. Úlohy vlastníkov pri riadení spoločnosti. Stratégia a ciele EuroTelu. Stratégia a ciele Globtelu GSM. Dotácia predajných cien mobilných telefónov, zdroje investícií.

Guardado en:
Detalles Bibliográficos
Autor principal: Bobovnický, Artur
Otros Autores: Duthoit, Bruno, Lančarič, Pavol, Andacký, Jozef
Formato: Libro
Lenguaje:eslovaco
Materias:
Etiquetas: Agregar Etiqueta
Sin Etiquetas, Sea el primero en etiquetar este registro!

MARC

LEADER 00000nam a2200000 4500
001 r030904
005 20230921082112.4
041 0 |a slo 
044 |a SK 
245 1 0 |a Mnohí zákazníci nepotrebujú najlacnejšie telefonovanie, ale kvalitné spojenie, vraví generálny riaditeľ EuroTelu Bratislava  |c Artur Bobovnický, Bruno Duthoit, Pavol Lančarič, Jozef Andacký 
520 |a Konkurenčné spoločnosti EuroTel a Globtel GSM. Úlohy vlastníkov pri riadení spoločnosti. Stratégia a ciele EuroTelu. Stratégia a ciele Globtelu GSM. Dotácia predajných cien mobilných telefónov, zdroje investícií. 
610 2 0 |a spoločnosti 
610 2 0 |a konkurencia 
610 2 0 |a dotácie investičné 
610 2 0 |a ceny predajné 
610 2 0 |a stratégia informačná 
610 2 0 |a telekomunikácie 
610 2 0 |a Slovensko 
610 2 0 |a EuroTel Bratislava 
610 2 0 |a Globtel GSM 
100 1 |a Bobovnický, Artur 
700 1 |a Duthoit, Bruno 
700 1 |a Lančarič, Pavol 
700 1 |a Andacký, Jozef